Changes in Flood Risk in Europe

Gespeichert in:
Bibliographische Detailangaben
Format: Buch
Sprache:Englisch
Veröffentlicht: Wallingford : IAHS Press, 2012
Tags: Tag hinzufügen
Keine Tags, Fügen Sie das erste Tag hinzu!

MARC

LEADER 00000nam a22000003a 4500
001 stu259172
005 20150408183030.0
008 121210s--------uk------------------eng-d
020 |a 978-1-907161-28-5 
040 |a STU  |b slo 
041 0 |a eng 
044 |a uk 
245 |a Changes in Flood Risk in Europe 
260 |a Wallingford :  |b IAHS Press,  |c 2012 
300 |a 516 s 
996 |c V*51711/O-23135  |l VV6  |s P  |a 0  |w stu259172_0001